000
00288nam a22001337a 4500
008
171025b xxu||||| |||| 00| 0 eng d
020
_a
0815769725
041
_a
eng
080
_a
336.2
100
_a
55
101
_a
TAK
245
_a
FEDERAL TAX POLICY
_c
PECHMAN,J.A
942
_2
udc
_c
BK
999
_c
35854
_d
35854